| 000 | 00946cab a2200229 4500 | ||
|---|---|---|---|
| 001 | ABS37233 | ||
| 008 | 090401t1986 xxu||||| |||| 00| 0 eng d | ||
| 035 | _a(Sirsi) u3093 | ||
| 041 | _aeng | ||
| 100 | _aCloke, P. | ||
| 245 | 4 | _aThe implementation of rural policies: a survey of county planning authorities | |
| 260 | _c1986 | ||
| 350 | _a0 | ||
| 490 |
_aTown Planning Review _v57(3) July 1986,265-284(20) |
||
| 520 | _aOutlines the results of a survey examining the attitudes of planning officers in non-metropolitan planning authorities regarding the implementation of structure plan policies for rural areas .This includes consideration of practitioners` perceptions of the process of implementation and the problems inherent in attempting to improve it. References. | ||
| 650 |
_aLand use _96251 |
||
| 650 | _aPLANNING CONTROL | ||
| 690 | _aPLANNING LAW AND PRACTICE | ||
| 700 | _aLittle, J. | ||
| 942 | _n0 | ||
| 948 | _c04/03/1997 | ||
| 999 |
_c1871 _d1871 |
||